| 000 | 00428nam a2200181Ia 4500 | ||
|---|---|---|---|
| 005 | 20240718032006.0 | ||
| 008 | 240331s9999 xx 000 0 und d | ||
| 020 | _a0195628349 | ||
| 082 |
_a200 _bREL |
||
| 245 | 0 | _aReligion in India | |
| 260 |
_aNew Delhi _bOxford University press _c1991 |
||
| 300 | _axv, 448 p ., | ||
| 650 | _aSocial | ||
| 650 | _aCultural | ||
| 650 | _aReligion | ||
| 700 |
_aMadan, N.T _eedt |
||
| 942 | _cL | ||
| 999 |
_c776 _d776 |
||